Gaming Quiz

Random Gaming or Video Games Quiz

Video Game Merchants Quiz Stats

 Plays Quiz not verified by Sporcle

Challenge
Share
Tweet
Embed
Score 0/18 Timer 07:00
0 Plays Today
Merchant First Appearance % Correct
Happy Mask SalesmanThe Legend of Zelda: Ocarina of Time
85.9%
Tom NookAnimal Crossing
84.6%
The MerchantResident Evil 4
61.5%
Recette LemongrassRecettear: An Item Shop's Tale
39.7%
Seagrave HolmesFallout 3
37.2%
Crazy DavePlants vs. Zombies
35.3%
DrebinMetal Gear Solid 4: Guns of the Patriots
34.6%
StanThe Secret of Monkey Island
31.4%
Ford CrullerPsychonauts
28.8%
Merchant First Appearance % Correct
DaidaraShin Megami Tensei: Persona 4
28.2%
HachiAdvance Wars
27.6%
MerlinusFire Emblem: The Sword of Seals
25%
Sanae HanekomaThe World Ends with You
23.7%
Master LibrarianCastlevania: Symphony of the Night
22.4%
Herbert MoonRed Dead Redemption
20.5%
Wirt the Peg-Legged BoyDiablo
17.9%
VulgrimDarksiders
14.7%
NekoSecret of Mana
14.1%

You're not logged in!

Compare scores with friends on all Sporcle quizzes.
Join for Free
OR
Log In

You Might Also Like...

Show Comments

Extras

Top Quizzes Today


Score Distribution

Your Account Isn't Verified!

In order to create a playlist on Sporcle, you need to verify the email address you used during registration. Go to your Sporcle Settings to finish the process.

Report this User

Report this user for behavior that violates our Community Guidelines.

Details: